000 00513nam a2200181Ia 4500
005 20250326142111.0
008 250326s9999 xx 000 0 und d
037 _aTextbook
040 _aFMSL
_beng
_cFMSL
041 _aeng
_2eng
084 _aX.1 M5
_qFMSL
100 _aBuiter W H
_9331599
245 0 _aInternational economic policy coordination
_cBuiter W H; Marston R C
260 _aNY
_bNY, Cambridge University
_c1985
300 _a412p
942 _cTB
_hX.1 M5
999 _c1293436
_d1293436